[Event "Miedzywojewodzkie Mistrzostwa Juniorow "]
[Site "Lublin"]
[Date "2010.09.22"]
[Round "1.1"]
[White "Poswiatowski, Michal"]
[Black "Madej, Pawel"]
[Result "1-0"]
[WhiteElo "1910"]
[BlackElo "1680"]
[PlyCount "73"]
[EventDate "2010.??.??"]

1. e4 c6 2. d4 d5 3. Nc3 dxe4 4. Nxe4 Bf5 5. Ng3 Bg6 6. Nf3 Nd7 7. h4 h6 8. h5
Bh7 9. Bd3 Bxd3 10. Qxd3 Qc7 11. Bd2 Ngf6 12. O-O-O O-O-O 13. Ne4 e6 14. g3
Nxe4 15. Qxe4 Bd6 16. Kb1 Rhe8 17. Rhe1 Kb8 18. Ne5 Nxe5 19. dxe5 Bf8 20. Be3
Rxd1+ 21. Rxd1 Rd8 22. Rg1 Rd5 23. c4 Rd8 24. g4 Qd7 25. Kc2 b5 26. b3 Qc7 27.
Kb1 Ba3 28. f4 Qd7 29. Kc2 Qc7 30. Rd1 Rxd1 31. Kxd1 bxc4 32. Qxc4 Qd7+ 33. Kc2
Qd5 34. Qxd5 cxd5 35. f5 exf5 36. gxf5 Bf8 37. Kc3 1-0

[Event "Miedzywojewodzkie Mistrzostwa Juniorow "]
[Site "Lublin"]
[Date "2010.09.22"]
[Round "1.2"]
[White "Gorbacz, Filip"]
[Black "Gora, Jan"]
[Result "0-1"]
[WhiteElo "1605"]
[BlackElo "1907"]
[PlyCount "88"]
[EventDate "2010.??.??"]

1. e4 c5 2. Nf3 g6 3. d4 cxd4 4. Nxd4 Bg7 5. Nc3 Nc6 6. Be3 Nf6 7. Be2 O-O 8.
Qd2 d5 9. exd5 Nxd5 10. Nxd5 Qxd5 11. Bf3 Qd7 12. Nxc6 bxc6 13. Qxd7 Bxd7 14.
O-O-O Bf5 15. h4 Rab8 16. Bd4 c5 17. Bxg7 Kxg7 18. Rhe1 Rfe8 19. Re5 Rbc8 20.
Rde1 Rc7 21. g4 f6 22. R5e3 Bc8 23. Bd1 e5 24. f4 Rce7 25. c3 Kf8 26. Ba4 exf4
27. Rxe7 Rxe7 28. Rxe7 Kxe7 29. Bd1 g5 30. hxg5 fxg5 31. Bf3 Kf6 32. b4 cxb4
33. cxb4 h5 34. gxh5 g4 35. Be4 Kg5 36. Kd2 Kxh5 37. a4 Kh4 38. b5 Kg3 39. a5
f3 40. a6 f2 41. Ke2 Be6 42. Bd3 Bd5 43. Ke3 Kg2 44. Kd4 Bf3 0-1

[Event "Miedzywojewodzkie Mistrzostwa Juniorow L"]
[Site "Lublin"]
[Date "2010.09.22"]
[Round "1.3"]
[White "Zochowski, Kacper"]
[Black "Oleksza, Radoslaw"]
[Result "1/2-1/2"]
[WhiteElo "1903"]
[BlackElo "1563"]
[PlyCount "134"]
[EventDate "2010.??.??"]

1. e4 d5 2. exd5 Nf6 3. Nc3 Nxd5 4. Bc4 c6 5. d4 Bf5 6. Nge2 e6 7. Ng3 Bg6 8.
O-O Be7 9. Nxd5 cxd5 10. Bd3 O-O 11. Re1 Nc6 12. c3 Rc8 13. f4 Bh4 14. Qf3 Bxd3
15. Qxd3 Ne7 16. Be3 Bxg3 17. hxg3 Nf5 18. Kf2 Nd6 19. Bd2 Ne4+ 20. Rxe4 dxe4
21. Qxe4 Qd5 22. Qd3 Qc4 23. Qe4 Qd5 24. Qd3 Qc4 25. Qf3 Qd5 26. Qg4 Qe4 27.
Rc1 Rfd8 28. Qf3 Qd5 29. b3 b5 30. Be3 a5 31. Qe2 h6 32. c4 bxc4 33. bxc4 Qf5
34. Qc2 Qxc2+ 35. Rxc2 Rc6 36. Ke2 Rb8 37. Kd3 Kf8 38. Bd2 a4 39. Kc3 Ke7 40.
Bc1 g6 41. Ba3+ Kd7 42. Bb4 f5 43. a3 Rg8 44. Rd2 g5 45. d5 exd5 46. Rxd5+ Kc8
47. Rxf5 gxf4 48. gxf4 Rxg2 49. c5 Rgg6 50. Rf8+ Kb7 51. Rf7+ Rc7 52. Rf5 Rcc6
53. Kd4 Rcf6 54. Rxf6 Rxf6 55. Ke5 Rc6 56. f5 Kc8 57. f6 Kd7 58. f7 Ke7 59. Kd5
Rc8 60. c6+ Kxf7 61. Kc5 Ke6 62. Kb6 Kd5 63. c7 Ke6 64. Kb7 Kd7 65. Bd6 Rg8 66.
Bf4 h5 67. Bg3 Re8 1/2-1/2

[Event "Miedzywojewodzkie Mistrzostwa Juniorow L"]
[Site "Lublin"]
[Date "2010.09.22"]
[Round "1.4"]
[White "Daciuk, Jaroslaw"]
[Black "Borawski, Jakub"]
[Result "1-0"]
[WhiteElo "1554"]
[BlackElo "1867"]
[PlyCount "63"]
[EventDate "2010.??.??"]

1. c4 Nf6 2. Nc3 d5 3. cxd5 Nxd5 4. d4 e6 5. e4 Nf6 6. Be3 b6 7. f3 Bb7 8. Nge2
Nbd7 9. Nf4 Be7 10. Bc4 e5 11. Bxf7+ Kxf7 12. Qb3+ Ke8 13. Ne6 Qb8 14. Nb5 Bd6
15. Nxg7+ Kd8 16. Nxd6 cxd6 17. Qf7 Bxe4 18. Ne6+ Kc8 19. fxe4 Qb7 20. Rc1+ Kb8
21. d5 Qa6 22. Rf1 Qd3 23. Rc3 Qb1+ 24. Rc1 Qxe4 25. Rf3 Rg8 26. Kf1 Rg6 27.
Nf8 Nc5 28. Nxg6 Ng4 29. Qe8+ Kb7 30. Qc6+ Ka6 31. Rc3 Nxh2+ 32. Ke2 1-0

[Event "Miedzywojewodzkie Mistrzostwa Juniorow L"]
[Site "Lublin"]
[Date "2010.09.22"]
[Round "1.5"]
[White "Galaszewski, Patryk"]
[Black "Szwajkowski, Patryk"]
[Result "0-1"]
[WhiteElo "1829"]
[BlackElo "1529"]
[PlyCount "124"]
[EventDate "2010.??.??"]

1. d4 d5 2. Nf3 Nf6 3. c4 c6 4. Nc3 e6 5. Bg5 Nbd7 6. e3 Qa5 7. Bxf6 Nxf6 8.
Bd3 Bb4 9. Qc2 dxc4 10. Bxc4 Ne4 11. Rc1 Nxc3 12. bxc3 Be7 13. O-O O-O 14. Bd3
g6 15. c4 Bf6 16. Nd2 e5 17. Nb3 Qd8 18. Be4 exd4 19. Rfd1 Bg4 20. f3 Bd7 21.
exd4 Qe7 22. Kh1 Rfd8 23. Na5 Rab8 24. d5 cxd5 25. cxd5 Qb4 26. Nb3 Rdc8 27.
Qf2 b6 28. Qg3 Qa3 29. Qf2 Ba4 30. Rb1 Rc3 31. d6 Bxb3 32. axb3 Rxb3 33. Rbc1
Rb2 34. Qg3 Rd2 35. Rb1 Qa2 36. f4 Kg7 37. Qf3 Re2 38. Qd3 Re8 39. Bd5 Qa4 40.
Bf3 R8e3 41. Bxe2 Rxd3 42. Bxd3 Qxf4 43. Bf1 Bd8 44. g3 Qf2 45. Bg2 a5 46. d7
a4 47. Rbc1 a3 48. Rc8 Qe2 49. Rf1 Qe7 50. Bc6 a2 51. Ra8 Qe6 52. Bg2 Qxd7 53.
Rxa2 b5 54. Raf2 f5 55. Rc2 b4 56. Rc4 Qb5 57. Rd4 Bf6 58. Rd5 Qa4 59. Rfd1 b3
60. Rd7+ Kh6 61. h4 b2 62. Rf1 Qxd7 0-1

[Event "Miedzywojewodzkie Mistrzostwa Juniorow L"]
[Site "Lublin"]
[Date "2010.09.22"]
[Round "1.6"]
[White "Trofimiuk, Tomasz"]
[Black "Sikora, Rafal"]
[Result "0-1"]
[WhiteElo "1399"]
[BlackElo "1751"]
[PlyCount "70"]
[EventDate "2010.??.??"]

1. e4 e5 2. Nf3 Nc6 3. d4 exd4 4. Nxd4 Bc5 5. Be3 Qf6 6. Nb5 Bxe3 7. fxe3 Qh4+
8. g3 Qd8 9. Qg4 g6 10. Qf4 d6 11. Bc4 Ne5 12. O-O Bh3 13. N1c3 g5 14. Qf2 Nh6
15. Nd5 c6 16. Nbc7+ Kf8 17. Nxa8 cxd5 18. Bxd5 Nhg4 19. Qf5 Bxf1 20. Qxf1 Nxe3
21. Qh3 Kg7 22. Bxb7 Qb8 23. Bd5 Nxd5 24. exd5 Qxb2 25. Rf1 Qd4+ 26. Kg2 Qxd5+
27. Kg1 g4 28. Qh4 Rxa8 29. Qg5+ Kf8 30. Qh6+ Ke8 31. Qxh7 Nf3+ 32. Rxf3 Qxf3
33. Qh5 Qd1+ 34. Kf2 Qxc2+ 35. Ke3 Qc5+ 0-1

[Event "Miedzywojewodzkie Mistrzostwa Juniorow "]
[Site "Lublin"]
[Date "2010.09.22"]
[Round "2.1"]
[White "Szwajkowski, Patryk"]
[Black "Poswiatowski, Michal"]
[Result "0-1"]
[WhiteElo "1529"]
[BlackElo "1910"]
[PlyCount "74"]
[EventDate "2010.??.??"]

1. e4 e5 2. Nf3 Nc6 3. Bb5 a6 4. Ba4 Nf6 5. d3 d6 6. O-O b5 7. Bb3 Na5 8. c3
Nxb3 9. Qxb3 Be7 10. Nbd2 O-O 11. Re1 c5 12. Nf1 Qc7 13. d4 Re8 14. Ng3 Bg4 15.
Ng5 c4 16. Qc2 h6 17. Nf3 Bxf3 18. gxf3 Nh7 19. Kh1 Bg5 20. Rg1 g6 21. Bxg5
hxg5 22. Rad1 Kg7 23. dxe5 dxe5 24. Rd2 Rh8 25. Qd1 Nf8 26. Qf1 Ne6 27. Ne2 Rh5
28. Rg2 Rah8 29. Qg1 Qc8 30. Rd6 f6 31. Qd1 Nc5 32. Qd5 Nd3 33. Rd7+ Kh6 34.
Qd6 Re8 35. Ng3 Nc5 36. Qxf6 Qxd7 37. Nf5+ Kh7 0-1

[Event "Miedzywojewodzkie Mistrzostwa Juniorow "]
[Site "Lublin"]
[Date "2010.09.22"]
[Round "2.2"]
[White "Gora, Jan"]
[Black "Bartoszek, Jakub"]
[Result "1/2-1/2"]
[WhiteElo "1907"]
[BlackElo "1682"]
[PlyCount "71"]
[EventDate "2010.??.??"]

1. e4 e6 2. d4 d5 3. Nc3 Bb4 4. e5 c5 5. Bd2 Bxc3 6. Bxc3 Qc7 7. f4 b6 8. Bb5+
Bd7 9. Be2 Nc6 10. Nf3 Nge7 11. Bd3 c4 12. Be2 b5 13. Qd2 a5 14. a3 O-O 15. O-O
Qb6 16. b4 axb4 17. Bxb4 Nxb4 18. axb4 Ra6 19. c3 Rfa8 20. Qb2 Qa7 21. Rxa6
Qxa6 22. Rb1 Qa2 23. Kf2 f6 24. exf6 gxf6 25. Ne1 Be8 26. Qxa2 Rxa2 27. Rc1 Bg6
28. Kf1 Nf5 29. Kf2 Nd6 30. Ke3 Be4 31. g4 h5 32. h3 hxg4 33. hxg4 Bg6 34. Bf3
Be4 35. Be2 Bg6 36. Bf3 1/2-1/2

[Event "Miedzywojewodzkie Mistrzostwa Juniorow L"]
[Site "Lublin"]
[Date "2010.09.22"]
[Round "2.3"]
[White "Sikora, Rafal"]
[Black "Daciuk, Jaroslaw"]
[Result "0-1"]
[WhiteElo "1751"]
[BlackElo "1554"]
[PlyCount "90"]
[EventDate "2010.??.??"]

1. e4 c5 2. c3 d5 3. exd5 Qxd5 4. d4 cxd4 5. cxd4 Nc6 6. Nf3 Bg4 7. Be2 Nf6 8.
Nc3 Qa5 9. O-O Rd8 10. h3 Bh5 11. Qb3 Qb6 12. Qxb6 axb6 13. Be3 e6 14. d5 Nxd5
15. Nxd5 Rxd5 16. Bxb6 Bc5 17. Bxc5 Rxc5 18. Rac1 Ra5 19. a3 Ke7 20. Rfd1 Rd8
21. g4 Bg6 22. Kg2 Be4 23. Kg3 Rxd1 24. Rxd1 Rc5 25. Rd2 Rc1 26. Nd4 Na5 27.
Kf4 Bd5 28. b4 Nc6 29. Nxc6+ Bxc6 30. Rd3 f6 31. Bf3 e5+ 32. Kg3 e4 33. Re3 Rc4
34. Be2 Rd4 35. f3 Kd6 36. fxe4 Bxe4 37. Bf3 Bxf3 38. Kxf3 Rd1 39. Ke4 Ra1 40.
Rd3+ Ke6 41. Kd4 Kd6 42. Kc4+ Kc6 43. Re3 b5+ 44. Kd4 Kd6 45. Ke4 Ke6 0-1

[Event "Miedzywojewodzkie Mistrzostwa Juniorow L"]
[Site "Lublin"]
[Date "2010.09.22"]
[Round "2.4"]
[White "Borawski, Jakub"]
[Black "Zochowski, Kacper"]
[Result "1/2-1/2"]
[WhiteElo "1867"]
[BlackElo "1903"]
[PlyCount "114"]
[EventDate "2010.??.??"]

1. e3 Nf6 2. b3 g6 3. Bb2 Bg7 4. f4 c5 5. Nf3 O-O 6. Be2 d5 7. O-O Nc6 8. Bb5
Bd7 9. Bxc6 bxc6 10. Ne5 Ng4 11. Nxd7 Qxd7 12. Bxg7 Kxg7 13. c4 d4 14. Qf3 a5
15. f5 Nh6 16. e4 a4 17. bxa4 Rxa4 18. d3 f6 19. a3 Nf7 20. Ra2 Ne5 21. Qd1
Rfa8 22. Rb2 Qc7 23. Rb3 R4a7 24. fxg6 hxg6 25. Rf2 Rh8 26. h3 Rha8 27. Rfb2
Qd7 28. Rb6 g5 29. Rb8 Qc7 30. R8b6 Qc8 31. R6b3 Qc7 32. Rb6 Rh8 33. R6b3 g4
34. Qf1 gxh3 35. gxh3 Qd7 36. Rg2+ Kf7 37. Rg3 Raa8 38. Rb2 Rag8 39. Rbg2 Rxg3
40. Rxg3 Qd6 41. Qf5 Rh6 42. Qc8 Ng6 43. Qg4 Qb8 44. Nd2 Qb2 45. Nf3 Qb1+ 46.
Kh2 Qc2+ 47. Rg2 Qxd3 48. Qf5 Qe3 49. Rxg6 Rxg6 50. Ne5+ Kf8 51. Nxg6+ Ke8 52.
Nf4 d3 53. Qc8+ Kf7 54. Qe6+ Kf8 55. Qc8+ Kf7 56. Qe6+ Kf8 57. Qc8+ Kf7 1/2-1/2

[Event "Miedzywojewodzkie Mistrzostwa Juniorow L"]
[Site "Lublin"]
[Date "2010.09.22"]
[Round "2.5"]
[White "Oleksza, Radoslaw"]
[Black "Galaszewski, Patryk"]
[Result "0-1"]
[WhiteElo "1563"]
[BlackElo "1829"]
[PlyCount "68"]
[EventDate "2010.??.??"]

1. e4 d6 2. d4 Nf6 3. Bd3 Nc6 4. Ne2 e5 5. c3 g6 6. d5 Ne7 7. Bg5 Bg7 8. Qd2 h6
9. Be3 Ng4 10. f3 Nxe3 11. Qxe3 f5 12. Nd2 f4 13. Qf2 g5 14. O-O-O Ng6 15. h3
Bd7 16. g3 fxg3 17. Qxg3 Qe7 18. Rdg1 Nh4 19. f4 exf4 20. Nxf4 Be5 21. Be2 Bxf4
22. Bh5+ Kd8 23. Qf2 Kc8 24. Kb1 Rf8 25. Qe2 a6 26. Nb3 b6 27. Bg4 Be5 28. Rf1
Kb7 29. Qc4 Bb5 30. Qb4 Rxf1+ 31. Rxf1 Bd3+ 32. Ka1 a5 33. Qa4 Bxf1 34. Qc6+
Kb8 0-1

[Event "Miedzywojewodzkie Mistrzostwa Juniorow L"]
[Site "Lublin"]
[Date "2010.09.22"]
[Round "2.6"]
[White "Madej, Pawel"]
[Black "Trofimiuk, Tomasz"]
[Result "1-0"]
[WhiteElo "1680"]
[BlackElo "1399"]
[PlyCount "109"]
[EventDate "2010.??.??"]

1. e4 c5 2. Nc3 d6 3. g3 g6 4. Bg2 Bg7 5. Nge2 Nf6 6. d3 Nc6 7. O-O O-O 8. h3
Be6 9. f4 Qb6 10. Be3 Rad8 11. Qc1 Qc7 12. Nd1 b5 13. c3 Bd7 14. g4 e5 15. f5
Ne7 16. g5 gxf5 17. gxf6 Bxf6 18. Bg5 Bxg5 19. Qxg5+ Kh8 20. Qxe7 f6 21. Ne3
Rde8 22. Nd5 Qc6 23. Qxf6+ Rxf6 24. Nxf6 Rf8 25. exf5 Qc8 26. Nxd7 Qxd7 27. Ng3
Rg8 28. Ne4 Kg7 29. Rf3 Kf7 30. Raf1 Qd8 31. Kh2 d5 32. Nxc5 e4 33. Rf4 Qd6 34.
Ne6 exd3 35. Rd1 Kf6 36. Rxd3 Re8 37. Rxd5 Qb8 38. Rdd4 h5 39. Kg1 Qe5 40. Rde4
Qd5 41. Nd4 Rxe4 42. Rxe4 Qxa2 43. Re6+ Kf7 44. Nxb5 Qxb2 45. Nd6+ Kf8 46. f6
Qc1+ 47. Kf2 Qd2+ 48. Kg3 Qxc3+ 49. Bf3 h4+ 50. Kxh4 Qd4+ 51. Kg5 Qg1+ 52. Kh6
Qc1+ 53. Kh7 Qc7+ 54. f7 Qc2+ 55. Be4 1-0

[Event "Miedzywojewodzkie Mistrzostwa Juniorow L"]
[Site "Lublin"]
[Date "2010.09.23"]
[Round "3.1"]
[White "Poswiatowski, Michal"]
[Black "Daciuk, Jaroslaw"]
[Result "1-0"]
[WhiteElo "1910"]
[BlackElo "1554"]
[PlyCount "57"]
[EventDate "2010.??.??"]

1. e4 c5 2. Nf3 e6 3. d4 cxd4 4. Nxd4 Nc6 5. Nc3 Qc7 6. Be3 a6 7. Be2 b5 8. O-O
Bb7 9. f4 Bc5 10. Kh1 Qb6 11. Nxc6 Bxe3 12. Ne5 Nf6 13. a4 d6 14. a5 Qc7 15.
Bxb5+ Ke7 16. Nc4 Bc5 17. Ba4 Nxe4 18. Nxe4 Bxe4 19. Qe2 Qb7 20. c3 h5 21. b4
Ba7 22. Nxd6 Kxd6 23. Rfd1+ Bd5 24. c4 f6 25. f5 Ke7 26. cxd5 Rad8 27. d6+ Rxd6
28. Rxd6 Kxd6 29. Qxe6+ 1-0

[Event "Miedzywojewodzkie Mistrzostwa Juniorow L"]
[Site "Lublin"]
[Date "2010.09.23"]
[Round "3.2"]
[White "Zochowski, Kacper"]
[Black "Gora, Jan"]
[Result "1-0"]
[WhiteElo "1903"]
[BlackElo "1907"]
[PlyCount "43"]
[EventDate "2010.??.??"]

1. e4 c5 2. Nf3 Nc6 3. d4 cxd4 4. Nxd4 Nf6 5. Nc3 e6 6. Ndb5 Bb4 7. Bf4 e5 8.
Bg5 O-O 9. a3 Be7 10. Bxf6 gxf6 11. Nd5 a6 12. Nxe7+ Nxe7 13. Nd6 Qb6 14. Rb1
Qc6 15. Bc4 f5 16. Bd5 Nxd5 17. Nxf5 Ne3 18. fxe3 Qxe4 19. O-O Kh8 20. Qd6 Kg8
21. Nh6+ Kg7 22. Qf6# 1-0

[Event "Miedzywojewodzkie Mistrzostwa Juniorow L"]
[Site "Lublin"]
[Date "2010.09.23"]
[Round "3.3"]
[White "Bartoszek, Jakub"]
[Black "Sikora, Rafal"]
[Result "1/2-1/2"]
[WhiteElo "1682"]
[BlackElo "1751"]
[PlyCount "67"]
[EventDate "2010.??.??"]

1. d4 d5 2. c4 c6 3. cxd5 cxd5 4. Nc3 Nf6 5. Nf3 Nc6 6. Bf4 Bf5 7. e3 e6 8. Bb5
Nd7 9. O-O Be7 10. Rc1 Rc8 11. Ne5 Ndxe5 12. Bxe5 O-O 13. Bxc6 Rxc6 14. Ne2 Qb6
15. Rxc6 Qxc6 16. Qd2 Rc8 17. Rc1 Qd7 18. Rc3 Rc6 19. Qc1 Bb4 20. Rxc6 Qxc6 21.
Qxc6 bxc6 22. Nc3 Bd3 23. Bb8 a6 24. a3 Bxc3 25. bxc3 Kf8 26. Bd6+ Ke8 27. a4
Kd7 28. Bf8 a5 29. Bxg7 Bc2 30. Bf8 Bxa4 31. Kf1 Bb5+ 32. Ke1 f5 33. f3 Bc4 34.
g4 1/2-1/2

[Event "Miedzywojewodzkie Mistrzostwa Juniorow L"]
[Site "Lublin"]
[Date "2010.09.23"]
[Round "3.4"]
[White "Galaszewski, Patryk"]
[Black "Madej, Pawel"]
[Result "1-0"]
[WhiteElo "1829"]
[BlackElo "1680"]
[PlyCount "165"]
[EventDate "2010.??.??"]

1. d4 f5 2. Nf3 Nf6 3. g3 g6 4. Bg2 Bg7 5. Bg5 O-O 6. O-O d6 7. c3 Nbd7 8. Re1
c6 9. Nbd2 e5 10. e4 Qc7 11. Qb3+ Kh8 12. Rad1 Nxe4 13. Nxe4 fxe4 14. Rxe4 d5
15. Ree1 e4 16. Nd2 Nf6 17. f3 exf3 18. Bxf3 Bf5 19. Bf4 Qd7 20. Qb4 Rfe8 21.
Qd6 Qxd6 22. Bxd6 Kg8 23. Bf4 Rxe1+ 24. Rxe1 Kf7 25. Nb3 Re8 26. Rxe8 Kxe8 27.
Nc5 Bc8 28. Nd3 Ke7 29. Kf2 Ng4+ 30. Bxg4 Bxg4 31. Nc5 Bc8 32. Kf3 Bf6 33. h4
h5 34. Bg5 Bxg5 35. hxg5 Kd6 36. Kf4 b6 37. Nd3 Bf5 38. Ne5 c5 39. Nf3 Be4 40.
Nd2 Bf5 41. b3 Bg4 42. Ke3 Ke6 43. Kf4 Kd6 44. Nf1 Bf5 45. a3 Bg4 46. Nd2 Bf5
47. Nf3 Be4 48. Ne5 Bf5 49. Nf7+ Ke7 50. Nh6 Bc2 51. Ke5 Bxb3 52. Ng8+ Kf7 53.
Nf6 Ke7 54. Nxd5+ Bxd5 55. Kxd5 cxd4 56. cxd4 Kd7 57. Ke5 Ke7 58. d5 b5 59. d6+
Kd7 60. Kf6 a5 61. Kxg6 b4 62. axb4 axb4 63. Kxh5 b3 64. g6 b2 65. g7 b1=Q 66.
g8=Q Qf5+ 67. Qg5 Qh3+ 68. Kg6 Kxd6 69. Qf4+ Ke6 70. g4 Kd7 71. Qf5+ Ke8 72.
Qe6+ Kd8 73. Qd6+ Kc8 74. g5 Qh8 75. Qe6+ Kb8 76. Qf7 Kc8 77. Qg7 Qe8+ 78. Kh6
Qe6+ 79. Qf6 Qh3+ 80. Kg7 Qd7+ 81. Qf7 Qd4+ 82. Kg8 Qd6 83. g6 1-0

[Event "Miedzywojewodzkie Mistrzostwa Juniorow L"]
[Site "Lublin"]
[Date "2010.09.23"]
[Round "3.5"]
[White "Gorbacz, Filip"]
[Black "Szwajkowski, Patryk"]
[Result "1-0"]
[WhiteElo "1605"]
[BlackElo "1529"]
[PlyCount "33"]
[EventDate "2010.??.??"]

1. e4 c5 2. Nf3 d6 3. d4 cxd4 4. Nxd4 Nf6 5. Nc3 g6 6. f4 Bg7 7. e5 dxe5 8.
fxe5 Nd5 9. Bb5+ Kf8 10. e6 Nxc3 11. bxc3 a6 12. Qf3 f6 13. Bc4 Qc7 14. Qd5 Ke8
15. O-O Nc6 16. Bf4 Qa5 17. Nxc6 1-0

[Event "Miedzywojewodzkie Mistrzostwa Juniorow "]
[Site "Lublin"]
[Date "2010.09.23"]
[Round "3.6"]
[White "Oleksza, Radoslaw"]
[Black "Borawski, Jakub"]
[Result "0-1"]
[WhiteElo "1563"]
[BlackElo "1867"]
[PlyCount "104"]
[EventDate "2010.??.??"]

1. e4 e5 2. Nf3 Nc6 3. Bb5 a6 4. Ba4 Nf6 5. Nc3 b5 6. Bb3 Be7 7. O-O d6 8. h3
O-O 9. d3 Na5 10. Be3 Nxb3 11. axb3 Bb7 12. Re1 Nd7 13. Nd5 f5 14. c4 c6 15.
Nxe7+ Qxe7 16. Qc2 c5 17. Bd2 b4 18. Bg5 Qf7 19. Be3 Qh5 20. Nh2 Nf6 21. f3 Qg6
22. Qd2 Nh5 23. Ra5 Rac8 24. Rea1 Rc6 25. Qf2 Bc8 26. Kf1 fxe4 27. dxe4 Ng3+
28. Ke1 Nxe4 29. Qc2 Qg3+ 30. Kd1 Qxh2 31. Qxe4 Qh1+ 32. Ke2 Qxg2+ 33. Bf2 Bb7
34. Rg1 Qxh3 35. Rg3 Qf5 36. Qxf5 Rxf5 37. Ra1 Rc7 38. Rd1 Rf6 39. Be3 Rcf7 40.
Rf1 Rf5 41. Bd2 h5 42. Rh3 g5 43. Rxh5 Bxf3+ 44. Rxf3 Rxf3 45. Rxg5+ Kf8 46.
Be3 Rh3 47. Rg2 Rff3 48. Bh6+ Ke7 49. Rg6 Rxb3 50. Bg5+ Kd7 51. Rg7+ Kc6 52.
Kf2 Rxb2+ 0-1

[Event "Miedzywojewodzkie Mistrzostwa Juniorow L"]
[Site "Lublin"]
[Date "2010.09.23"]
[Round "4.1"]
[White "Bartoszek, Jakub"]
[Black "Poswiatowski, Michal"]
[Result "1/2-1/2"]
[WhiteElo "1682"]
[BlackElo "1910"]
[PlyCount "63"]
[EventDate "2010.??.??"]

1. d4 Nf6 2. Nf3 d5 3. c4 c6 4. cxd5 cxd5 5. Nc3 Nc6 6. Bf4 Ne4 7. Qb3 Nxc3 8.
bxc3 e6 9. e3 Be7 10. Bd3 O-O 11. O-O b6 12. Rac1 Bb7 13. Qb1 h6 14. c4 dxc4
15. Bxc4 Bd6 16. Bxd6 Qxd6 17. Rc3 Na5 18. Be2 Rac8 19. Rfc1 Rxc3 20. Rxc3 Rc8
21. Rxc8+ Bxc8 22. Qc2 Qc6 23. Qxc6 Nxc6 24. Bb5 Nb4 25. a3 Nc2 26. a4 a6 27.
Bc6 Nb4 28. Ne5 Nxc6 29. Nxc6 Bd7 30. Nb8 Bc8 31. Nc6 Bd7 32. Nb8 1/2-1/2

[Event "Miedzywojewodzkie Mistrzostwa Juniorow L"]
[Site "Lublin"]
[Date "2010.09.23"]
[Round "4.2"]
[White "Gorbacz, Filip"]
[Black "Zochowski, Kacper"]
[Result "0-1"]
[WhiteElo "1605"]
[BlackElo "1903"]
[PlyCount "90"]
[EventDate "2010.??.??"]

1. e4 c5 2. Nf3 d6 3. d4 cxd4 4. Nxd4 Nf6 5. Nc3 a6 6. Bd3 e6 7. f4 b5 8. O-O
b4 9. Nce2 Nbd7 10. h3 Bb7 11. Ng3 Qc7 12. Nf3 Nc5 13. Qe1 Be7 14. Bd2 d5 15.
e5 Nfe4 16. Bxe4 Nxe4 17. Nxe4 dxe4 18. Nd4 Rd8 19. Be3 O-O 20. Qf2 Rd5 21.
Rfd1 Rfd8 22. Rd2 a5 23. Rad1 Ba8 24. Kh2 Bf8 25. Nb3 Rb8 26. Nc1 Rxd2 27. Rxd2
Bd5 28. Bd4 Qc6 29. Qe3 Rc8 30. g4 Qa4 31. b3 Qd7 32. Ne2 Rc6 33. Ng3 Qc7 34.
Qe2 e3 35. Bxe3 a4 36. Bd4 axb3 37. axb3 Be7 38. Ne4 Qc8 39. Nf2 Rc7 40. Nd3
Ba8 41. Nb2 Qb7 42. Qe1 Qf3 43. Rf2 Qb7 44. Nc4 Bh4 45. Qe2 Qh1# 0-1

[Event "Miedzywojewodzkie Mistrzostwa Juniorow L"]
[Site "Lublin"]
[Date "2010.09.23"]
[Round "4.3"]
[White "Daciuk, Jaroslaw"]
[Black "Galaszewski, Patryk"]
[Result "1/2-1/2"]
[WhiteElo "1554"]
[BlackElo "1829"]
[PlyCount "104"]
[EventDate "2010.??.??"]

1. c4 g6 2. Nc3 Bg7 3. Nf3 d6 4. g3 c6 5. Bg2 f5 6. d4 Nf6 7. O-O O-O 8. h3 Qc7
9. d5 Nbd7 10. dxc6 bxc6 11. Nd4 Nb8 12. Nxc6 Nxc6 13. Nd5 Qd7 14. Nxf6+ Bxf6
15. Qd5+ Kg7 16. Qxc6 Rb8 17. Qxd7 Bxd7 18. Rb1 Be6 19. Bd5 Bxd5 20. cxd5 Rb5
21. Rd1 Rc8 22. b3 Rc2 23. a4 Rb7 24. Kf1 Rc3 25. Rd3 Rxd3 26. exd3 Bc3 27. Be3
a5 28. Ke2 Kf6 29. d4 f4 30. gxf4 Kf5 31. f3 Bb4 32. Kd3 Ba3 33. h4 h5 34. Bd2
Bb4 35. Bxb4 Rxb4 36. Kc3 Kxf4 37. Rg1 Kf5 38. Rg5+ Kf6 39. f4 Rb8 40. f5 gxf5
41. Rxh5 f4 42. Rh6+ Kf5 43. Re6 Kg4 44. Rxe7 Rg8 45. Re6 f3 46. Rf6 Kg3 47.
Rxd6 Rf8 48. Rg6+ Kh2 49. Re6 f2 50. Re2 Kg3 51. Rxf2 Rc8+ 52. Kd3 Kxf2 1/2-1/2

[Event "Miedzywojewodzkie Mistrzostwa Juniorow L"]
[Site "Lublin"]
[Date "2010.09.23"]
[Round "4.4"]
[White "Gora, Jan"]
[Black "Borawski, Jakub"]
[Result "1/2-1/2"]
[WhiteElo "1907"]
[BlackElo "1867"]
[PlyCount "55"]
[EventDate "2010.??.??"]

1. e4 e5 2. Nf3 Nc6 3. Bb5 a6 4. Ba4 Nf6 5. d3 b5 6. Bb3 Be7 7. c3 d6 8. Nbd2
O-O 9. Nf1 d5 10. Qe2 Re8 11. Ng3 h6 12. O-O Bf8 13. h3 g6 14. exd5 Nxd5 15.
Qe4 Be6 16. Nxe5 Nxe5 17. Qxe5 Bg7 18. Qe2 Nxc3 19. Qc2 Nd5 20. Bxd5 Bxd5 21.
Bf4 Rc8 22. Rfe1 Rxe1+ 23. Rxe1 Qf6 24. Be5 Qe6 25. f4 c5 26. Qf2 Qb6 27. Bxg7
Kxg7 28. Kh2 {zapis nieczytelny} 1/2-1/2

[Event "Miedzywojewodzkie Mistrzostwa Juniorow "]
[Site "Lublin"]
[Date "2010.09.23"]
[Round "4.5"]
[White "Sikora, Rafal"]
[Black "Madej, Pawel"]
[Result "1-0"]
[WhiteElo "1751"]
[BlackElo "1680"]
[PlyCount "57"]
[EventDate "2010.??.??"]

1. e4 c6 2. d4 d5 3. f3 e6 4. Be3 Nf6 5. Bd3 c5 6. Nd2 c4 7. Be2 Be7 8. c3 Nc6
9. e5 Nd7 10. a4 b6 11. Nh3 Bb7 12. O-O Qc7 13. f4 O-O-O 14. f5 Kb8 15. fxe6
fxe6 16. Bg4 Nf8 17. Rf7 Rg8 18. Qf3 Bc8 19. Nf4 a6 20. Qh3 Qd7 21. Nh5 a5 22.
Nxg7 Ka7 23. Nf3 Re8 24. Nxe8 Qxe8 25. Bh5 Qd7 26. Bg5 Bxg5 27. Rxd7+ Bxd7 28.
Nxg5 Rxg5 29. Rf1 1-0

[Event "Miedzywojewodzkie Mistrzostwa Juniorow L"]
[Site "Lublin"]
[Date "2010.09.23"]
[Round "4.6"]
[White "Szwajkowski, Patryk"]
[Black "Trofimiuk, Tomasz"]
[Result "0-1"]
[WhiteElo "1529"]
[BlackElo "1399"]
[PlyCount "66"]
[EventDate "2010.??.??"]

1. e4 c5 2. Nf3 d6 3. d4 cxd4 4. Nxd4 Nf6 5. Nc3 g6 6. Be3 Bg7 7. f3 Nc6 8. Qd2
O-O 9. Nxc6 bxc6 10. O-O-O Qa5 11. g4 h5 12. Bh6 hxg4 13. Bxg7 Kxg7 14. fxg4
Bxg4 15. Be2 Bxe2 16. Qxe2 Rab8 17. a3 Rxb2 18. Kxb2 Rb8+ 19. Ka2 Qxc3 20. Rb1
Rxb1 21. Rxb1 Qe5 22. Re1 e6 23. Qc4 d5 24. Qxc6 Nxe4 25. Rf1 Qxh2 26. Rb1 Qd2
27. Rh1 Qc3 28. Qe8 Qxc2+ 29. Ka1 Qc3+ 30. Ka2 Qd2+ 31. Ka1 Qd4+ 32. Kb1 Nc3+
33. Kc1 Na2+ 0-1

[Event "Miedzywojewodzkie Mistrzostwa Juniorow L"]
[Site "Lublin"]
[Date "2010.09.24"]
[Round "5.1"]
[White "Poswiatowski, Michal"]
[Black "Zochowski, Kacper"]
[Result "0-1"]
[WhiteElo "1910"]
[BlackElo "1903"]
[PlyCount "82"]
[EventDate "2010.??.??"]

1. e4 c5 2. Nf3 d6 3. d4 cxd4 4. Nxd4 Nf6 5. Nc3 a6 6. Bg5 e6 7. f4 Be7 8. Qf3
Qc7 9. O-O-O Nbd7 10. g4 b5 11. Bxf6 Nxf6 12. g5 Nd7 13. Bd3 b4 14. Nce2 Bb7
15. h4 O-O-O 16. Kb1 Kb8 17. Rc1 Qb6 18. h5 g6 19. Rh2 e5 20. Nb3 f6 21. gxf6
Bxf6 22. Rch1 Rhf8 23. f5 Bg5 24. Ng3 Nf6 25. Rf1 gxh5 26. Nxh5 Nxh5 27. Rxh5
h6 28. Bc4 a5 29. Rd1 Rc8 30. Qd3 Ka7 31. Be6 Rc6 32. Qf3 a4 33. Nc1 Qc5 34.
Rh2 Rb6 35. Nd3 Qd4 36. Nf2 Qc5 37. Ng4 Bf4 38. Rg2 a3 39. b3 Bxe4 40. Rd5 Bxf3
41. Rxc5 dxc5 0-1

[Event "Miedzywojewodzkie Mistrzostwa Juniorow L"]
[Site "Lublin"]
[Date "2010.09.24"]
[Round "5.2"]
[White "Galaszewski, Patryk"]
[Black "Sikora, Rafal"]
[Result "0-1"]
[WhiteElo "1829"]
[BlackElo "1751"]
[PlyCount "70"]
[EventDate "2010.??.??"]

1. d4 d5 2. Nf3 Nf6 3. e3 Bf5 4. Be2 e6 5. O-O Be7 6. Nh4 Bg6 7. Nxg6 hxg6 8.
c4 c6 9. cxd5 cxd5 10. Qb3 Qc7 11. g3 Nc6 12. Bd2 O-O 13. Nc3 Na5 14. Qc2 Rac8
15. Rfc1 Ne4 16. Bd3 Nxd2 17. Qxd2 Bb4 18. a3 Nb3 19. Qd1 Nxc1 20. axb4 Nxd3
21. Qxd3 Qb6 22. b5 a6 23. Ra3 Rc4 24. Rb3 Rfc8 25. Kg2 Qa5 26. h3 Rb4 27. Ra3
Qc7 28. bxa6 bxa6 29. Nd1 e5 30. Qxa6 Qc2 31. Qa5 Rbc4 32. Qe1 Qe4+ 33. Kg1 Rc1
34. Rc3 R8xc3 35. bxc3 Qb1 0-1